| 000 | 00610nam a2200229Ia 4500 | ||
|---|---|---|---|
| 003 | OSt | ||
| 005 | 20221007075517.0 | ||
| 006 | a|||||r|||| 00| 0 | ||
| 007 | ta | ||
| 008 | 221006b |||||||| |||| 00| 0 eng d | ||
| 024 | _a37,980 | ||
| 037 | _cTextual | ||
| 040 |
_aFLL _cFLL _beng |
||
| 041 |
_2eng _aeng |
||
| 082 | _aZ2,4145, P4 | ||
| 100 |
_aMurlidhar S. _9693961 |
||
| 245 | 0 | _aLaw, proverty and legal aid | |
| 260 |
_aNew Delhi _bLexisNexis Butterworths India _c2004 |
||
| 300 |
_alxv,454p _ccm. |
||
| 942 |
_hZ2,4145, P4 _cTEXL _2CC |
||
| 999 |
_c1156354 _d1156354 |
||